Circuit theory and networks / (Record no. 16261)

MARC details
000 -LEADER
fixed length control field 00927 a2200253 4500
005 - DATE AND TIME OF LATEST TRANSACTION
control field 20081006124514.0
008 - FIXED-LENGTH DATA ELEMENTS--GENERAL INFORMATION
fixed length control field 081006t xxu||||| |||| 00| 0 eng d
010 ## - LCCN (DPL NO)
LC control number ENG-91152
020 ## - INTERNATIONAL STANDARD BOOK NUMBER
International Standard Book Number 9780070083356
Terms of availability 235.00
020 ## - INTERNATIONAL STANDARD BOOK NUMBER
International Standard Book Number 0070083355
035 ## - SYSTEM CONTROL NUMBER
System control number EN-74685
037 ## - SOURCE OF ACQUISITION
Source of stock number/acquisition DBAD / PUB
040 ## - CATALOGING SOURCE
Original cataloging agency dpl
Language of cataloging English
082 ## - DEWEY DECIMAL CLASSIFICATION NUMBER
Classification number 621.3815
100 ## - MAIN ENTRY--PERSONAL NAME
Personal name Ghosh, S.P.
245 ## - TITLE STATEMENT
Title Circuit theory and networks /
Statement of responsibility, etc by S.P. Ghosh [and] A.K. Chakraborty
260 ## - PUBLICATION, DISTRIBUTION, ETC. (IMPRINT)
Place of publication, distribution, etc New Delhi
Name of publisher, distributor, etc Tata Mc-Graw Hill Publishing
Date of publication, distribution, etc 2009
270 ## - ADDRESS
Address 7, West Patel Nagar
City New Delhi
Postal code 110 008
300 ## - PHYSICAL DESCRIPTION
Extent Various pagings
Dimensions 24 cm. (Pbk.)
650 ## - SUBJECT ADDED ENTRY--TOPICAL TERM
Topical term or geographic name as entry element Electronic circuits.
700 ## - ADDED ENTRY--PERSONAL NAME
Personal name Chakraborty, A.K.
942 ## - ADDED ENTRY ELEMENTS (KOHA)
Institution code [OBSOLETE] dpl
Item type English Books
Source of classification or shelving scheme Dewey Decimal Classification
Call number suffix GHO
Classification part 621.3815
Holdings
Withdrawn status Lost status Source of classification or shelving scheme Damaged status Not for loan Collection code Home library Current library Date acquired Source of acquisition Cost, normal purchase price Total Checkouts Full call number Barcode Date last seen Copy number Cost, replacement price Koha item type
    Dewey Decimal Classification   Not For Loan Non-fiction D.B.Act.Division D.B.Act.Division 06/10/2008 DBAD / PUB 235.00   621.3815 GHO EN-74685 06/10/2008 1 235.00 English Books

© Delhi Public Library
Hit Counter
free hit counter